000 00237nam a2200097Ia 4500
008 240331s9999 xx 000 0 und d
082 _a294.30954
_bHIK
100 _aHikosaka, S
245 0 _aBuddhism in Tamilnadu a new perspective
942 _cL
999 _c929
_d929